Регионална библиотека "Любен Каравелов" - Русе

Проблеми на подготовката на младите спортисти (Запис номер 187319)

MARC детайли
000 -Лидер
Контролно поле с фиксирана дължина 01607nam a2200325 c 4500
003 - Код на организацията, давaща контролен номер
Контролно поле BLK
005 - Дата и час на последна редакция
Контролно поле 20221018084443.0
008 - Елементи от данни с фиксирана дължина
fixed length control field 180411b bul|||||r ||||||| ||bul||
010 ## - Наследен системен номер
LC control number KNG00196328000
040 ## - Източник на каталожния запис
Идентификатор на билиотеката - собственик на записа BLK
041 ## - Код за език
Код за езика на текст/звукозапис или на отделно заглавие Български
Код за езика КДБФ Български
080 ## - УДК
Текстов определител УДК Спорт. Физическа култура
УДК код - определител по УДК 796/799
УДК - код + определител 796/799
100 1# - Редна дума - Автор
Автор Рачев, Крум Иванов
Авторска отговорност първи автор
R(LIN) 365544
139 ## - Редно поле
Редна дума Рачев, Крум Иванов и др.
Авторски знак Рач - Р 41
245 10 - Сведения за заглавието
Заглавие Проблеми на подготовката на младите спортисти
Редно поле (дума) Крум Иванов Рачев; под ред. на Крум Иванов Рачев.
257 ## - Страна на издаване
Страна на създаване/издаване България
260 ## - Област на издателските данни
Име на издателя, разпространителя и проч. Медицина и физкултура
Година на издаване 1976
300 ## - Физическа характеристика
Страници 264 с.
Размери/Мащаб 20 см
380 ## - Жанр
Жанр 793/799 Спорт
490 ## - СЕРИИ (Колекции)
Име на серия В помощ на треньора
9 (RLIN) 205835
500 ## - Общи забележки
Забележка Други авт. : Р. Мотилянска, Л. Панайотова, П. Гайдарска, В. Радулов, П. Христосков, Р. Петров, А. Акрабов, Д. Кирков, Т. Чакъров, Ц. Атанасова, отбелязани на гърба на загл. с. - 2 605 тир. - Библиогр. с. 260-262.
650 #4 - Допълнително описание по предмет – тема
Основно описание – тема или топоним Спортисти - физически качества и подготовка
9 (RLIN) 272295
653 ## - Ключова дума – ненормативна
Ключова дума спортисти
700 1# - Други автори (авторска отговорност)
Лично име Рачев, Крум Иванов
Автороска отговорност (Описва отношението между автора и произведението) под ред. на
9 (RLIN) 365544
852 ## - Местоположение
Форматна сигнатура Цб 81146
856 4# - Електронен адрес и достъп
Електронен формат pdf - файл
Инструкция (цена за достъп) 0.00
Права за достъп disable
856 4# - Електронен адрес и достъп
Електронен формат pdf - файл
Инструкция (цена за достъп) 0.00
Права за достъп disable
999 ## - СИСТЕМНИ КОНТРОЛНИ НОМЕРА
Koha biblionumber 187319
Koha biblioitemnumber 187319
942 ## - АРТИКУЛИ
Вид на библиотечния материал Книги
Скрит в OPAC Не
Koha issues (borrowed), all copies 1
Периодичен библиозапис Да
944 ## - СЪЗДАВАНЕ И РЕДАКЦИЯ на ЗАПИСА
Създаване/Редакция Създаване
Дата на регистрацията/редакция 16.11.2016
Служител, извършил регистрацията/редакцията Станимира_Цанева
944 ## - СЪЗДАВАНЕ И РЕДАКЦИЯ на ЗАПИСА
Създаване/Редакция Редакция
Дата на регистрацията/редакция 16.11.2016
Служител, извършил регистрацията/редакцията Станимира_Цанева
999 ## - СИСТЕМНИ КОНТРОЛНИ НОМЕРА
Koha biblioitemnumber 187319
Наличности
Код за отписване Код за изгубен артикул Източник на класификационната схема Код за повреда Коз за рестрикции Код за отдаване Артикулен № Име на библиотеката - собственик Име на библиотеката, в която се намира в момента Статус (Текущо местоположение) Дата на вписване в системата Местоположение - отдел Цена в лева Инвентарен номер Систематично азбучна сигнатура Баркод Номер на екземпляра Цена в евро Служебна бележка Служебен тип на артикула
  Не е изгубен Universal Decimal Classification Не е повреден само за читалня ползва се в читалня 326936 Регионална библиотека "Любен Каравелов" Русе Регионална библиотека "Любен Каравелов" Русе Хранилище 1976-01-01 Хранилище 1.23 204518 Цб 81146 120000204518 1 0.63 N: стар фонд Дата: 01.01.1976 Книги
Изтеглен Не е изгубен Universal Decimal Classification Не е повреден без рестрикции заемане за дома 326937 Регионална библиотека "Любен Каравелов" Русе Регионална библиотека "Любен Каравелов" Русе Заемна - подръчен фонд 1976-01-01 Заемна - подръчен фонд 1.23 209984 П 796/799/Р 41 209984 2 0.63 N: стар фонд Дата: 01.01.1976 Дата инв: 08.02.2018 Бележки инв: П2018 Книги
Vip Innovations Ltd, Rousse, Bulgaria 2025